00902nam a2200193 a 450000100100000000500170001000800410002704000250006810000480009324501340014126000430027530000510031850000780036965000290044765000310047670000340050795201500054199900170069100003496120210409114021.0111024s1991 cu a 000 p spa d aDO-SdBNPbspacBNPHU aGarcía Lorca, Federico,d1898-193691472710aFederico Garcia Lorca en Cuba :b7 de marzo-13 de junio 1930 /cFederico García Lorca ; selección y edición Aitana Alberti. aLa Habana :bArte y Literatura,c1991. a39 p. :bil. ;c19 cm. +e10 tarjetas postales aPresentado en una carpeta que lleva por título: Federico García Lorca24aPoesía española963124aLiteratura española96321 aAlberti, Aitana,esel.945052 0010507-18MOaGRbGRcOId2011-10-24iLF1l0o p34961-10r2020-06-25w2020-06-25y1zBiblioteca Juan Isidro Jiménes GrullónZNo se presta c34452d34452